Tissus de Lumière = Weefsels van Licht (Record no. 1333)
[ view plain ]
| 000 -CABECERA | |
|---|---|
| campo de control de longitud fija | 01033nam a2200253 a 4500 |
| 001 - NÚMERO DE CONTROL | |
| campo de control | BRCA_1471 |
| 005 - FECHA Y HORA DE LA ÚLTIMA TRANSACCIÓN | |
| campo de control | 20190320203437.0 |
| 008 - DATOS DE LONGITUD FIJA--INFORMACIÓN GENERAL | |
| campo de control de longitud fija | 171105s1989----be-a######---#000-0#fre-d |
| 041 ## - CÓDIGO DE LENGUA | |
| Código de lengua del texto/banda sonora o título independiente | fre |
| 044 ## - CÓDIGO DEL PAÍS DE LA ENTIDAD EDITORA/PRODUCTORA | |
| Código MARC del país | be |
| 050 #4 - SIGNATURA TOPOGRÁFICA DE LA BIBLIOTECA DEL CONGRESO | |
| Número de clasificación | N7355 |
| Número de documento/Ítem | .T78 1989 |
| 100 1# - ENTRADA PRINCIPAL--NOMBRE DE PERSONA | |
| Nombre de persona | Tsujigahana, Itchiku |
| 9 (RLIN) | 4809 |
| 245 10 - MENCIÓN DE TÍTULO | |
| Título | Tissus de Lumière = Weefsels van Licht |
| Mención de responsabilidad, etc. | Itchiku Tsujigahana. |
| 260 ## - PUBLICACIÓN, DISTRIBUCIÓN, ETC. | |
| Lugar de publicación, distribución, etc. | Japón : Bélgica |
| Nombre del editor, distribuidor, etc. | Europalia |
| Fecha de publicación, distribución, etc. | 1989 |
| 300 ## - DESCRIPCIÓN FÍSICA | |
| Extensión | 136 p. |
| Otras características físicas | il. a color |
| Dimensiones | 30 cm. |
| 500 ## - NOTA GENERAL | |
| Nota general | Catálogo de la exposición realizada en Botanique Centre Culturel de la Communauté française (Wallonie-Bruxelles), 8 noviembre - 3 diciembre, 1989 y en el Museum voor Volkenkunde (Rotterdam), 16 diciembre, 1989 - 25 febrero, 1990 |
| 500 ## - NOTA GENERAL | |
| Nota general | Incluye lista de ilustraciones y tabla cronológica |
| 546 ## - NOTA DE LENGUA/LENGUAJE | |
| Nota de lengua/lenguaje | Texto en francés y alemán |
| 650 14 - PUNTO DE ACCESO ADICIONAL DE MATERIA--TÉRMINO DE MATERIA | |
| Término de materia o nombre geográfico como elemento de entrada | Arte japonés |
| Subdivisión cronológica | Siglo XX |
| 9 (RLIN) | 4810 |
| 710 2# - PUNTO DE ACCESO ADICIONAL--NOMBRE DE ENTIDAD CORPORATIVA | |
| Nombre de entidad corporativa o nombre de jurisdicción como elemento de entrada | Botanique Centre Culturel de la Communauté française |
| 9 (RLIN) | 4811 |
| 710 2# - PUNTO DE ACCESO ADICIONAL--NOMBRE DE ENTIDAD CORPORATIVA | |
| Nombre de entidad corporativa o nombre de jurisdicción como elemento de entrada | Museum voor Volkenkunde |
| 9 (RLIN) | 4812 |
| 740 0# - PUNTO DE ACCESO ADICIONAL--TÍTULO RELACIONADO O ANALÍTICO NO CONTROLADO | |
| Título relacionado o analítico no controlado | Weefsels van Licht |
| 942 ## - ELEMENTOS DE PUNTO DE ACCESO ADICIONAL (KOHA) | |
| Fuente del sistema de clasificación o colocación | Library of Congress Classification |
| Tipo de ítem Koha | Libros |
| Estado de retiro | Estado de pérdida | Estado dañado | No para préstamo | Localización permanente | Ubicación/localización actual | Fecha de adquisición | Total de préstamos | Signatura topográfica completa | Código de barras | Fecha visto por última vez | Precio válido a partir de | Tipo de ítem Koha |
|---|---|---|---|---|---|---|---|---|---|---|---|---|
| El ejemplar forma parte de la colección y puede ser consultado según las políticas vigentes. | Biblioteca del Museo Franz Mayer (Rogerio Casas-Alatriste) | Biblioteca del Museo Franz Mayer (Rogerio Casas-Alatriste) | 26/06/2008 | N7355 .T78 1989 | 02002 | 22/03/2019 | 22/03/2019 | Libros |